<?xml version="1.0" encoding="UTF-8"?>
<collection xmlns="http://www.loc.gov/MARC21/slim">
<record>
  <controlfield tag="001">155766</controlfield>
  <controlfield tag="005">20250516093836.0</controlfield>
  <datafield tag="037" ind1=" " ind2=" ">
    <subfield code="a">TAZ-TFG-2022-1102</subfield>
  </datafield>
  <datafield tag="041" ind1=" " ind2=" ">
    <subfield code="a">spa</subfield>
  </datafield>
  <datafield tag="100" ind1="1" ind2=" ">
    <subfield code="a">Domeque Arbonés, Marta</subfield>
  </datafield>
  <datafield tag="242" ind1="0" ind2="0">
    <subfield code="a">PIPTA program: Proposal for an Intervention Programme for Patients with Binge Eating Disorder</subfield>
  </datafield>
  <datafield tag="245" ind1="0" ind2="0">
    <subfield code="a">Programa PIPTA: Propuesta de Programa de Intervención en Pacientes con Trastorno por Atracón</subfield>
  </datafield>
  <datafield tag="260" ind1=" " ind2=" ">
    <subfield code="a">Zaragoza</subfield>
    <subfield code="b">Universidad de Zaragoza</subfield>
    <subfield code="c">2022</subfield>
  </datafield>
  <datafield tag="506" ind1=" " ind2=" ">
    <subfield code="a">by-nc-sa</subfield>
    <subfield code="b">Creative Commons</subfield>
    <subfield code="c">3.0</subfield>
    <subfield code="u">http://creativecommons.org/licenses/by-nc-sa/3.0/</subfield>
  </datafield>
  <datafield tag="520" ind1=" " ind2=" ">
    <subfield code="a">El Trastorno por Atracón constituye uno de los trastornos de la conducta alimentaria más prevalentes entre la población. Además, la presencia de este trastorno se asocia a diversas patologías, haciendo que sea imprescindible la implementación de programas que aborden dicha problemática. La propuesta de intervención desarrollada en este trabajo tiene como objetivo principal la reducción de los episodios de atracón y, para ello, se seleccionará a veinticuatro personas de Aragón, de entre 18 y 65 años, que presenten el trastorno. Éstos, serán divididos en dos grupos: un grupo experimental al que se le aplicará el programa y un grupo control. Todos ellos completarán una batería de cuestionarios antes y después de la aplicación del programa, para observar la eficacia del mismo. La intervención consistirá en nueve sesiones grupales de dos horas, en las que se trabajarán aspectos relacionados con el trastorno y dos individuales de una hora, de seguimiento. Se espera que tras la aplicación del programa los participantes del grupo experimental hayan reducido el número de atracones, así como presenten mejoras en las variables evaluadas, en comparación con el grupo control.&lt;br />&lt;br /></subfield>
  </datafield>
  <datafield tag="521" ind1=" " ind2=" ">
    <subfield code="a">Graduado en Psicología</subfield>
  </datafield>
  <datafield tag="540" ind1=" " ind2=" ">
    <subfield code="a">Derechos regulados por licencia Creative Commons</subfield>
  </datafield>
  <datafield tag="700" ind1=" " ind2=" ">
    <subfield code="a">Espeitx Bernat, Elena</subfield>
    <subfield code="e">dir.</subfield>
  </datafield>
  <datafield tag="710" ind1="2" ind2=" ">
    <subfield code="a">Universidad de Zaragoza</subfield>
    <subfield code="b">Psicología y Sociología</subfield>
    <subfield code="c">Psicología Social</subfield>
  </datafield>
  <datafield tag="856" ind1="0" ind2=" ">
    <subfield code="f">780261@unizar.es</subfield>
  </datafield>
  <datafield tag="856" ind1="4" ind2=" ">
    <subfield code="s">1744640</subfield>
    <subfield code="u">http://zaguan.unizar.es/record/155766/files/TAZ-TFG-2022-1102.pdf</subfield>
    <subfield code="y">Memoria (spa)</subfield>
  </datafield>
  <datafield tag="909" ind1="C" ind2="O">
    <subfield code="o">oai:zaguan.unizar.es:155766</subfield>
    <subfield code="p">driver</subfield>
    <subfield code="p">trabajos-fin-grado</subfield>
  </datafield>
  <datafield tag="950" ind1=" " ind2=" ">
    <subfield code="a"></subfield>
  </datafield>
  <datafield tag="980" ind1=" " ind2=" ">
    <subfield code="a">TAZ</subfield>
    <subfield code="b">TFG</subfield>
    <subfield code="c">FCSH</subfield>
  </datafield>
  <datafield tag="999" ind1=" " ind2=" ">
    <subfield code="a">20220606192736.CREATION_DATE</subfield>
  </datafield>
  <datafield tag="951" ind1=" " ind2=" ">
    <subfield code="a">deposita:2025-05-16</subfield>
  </datafield>
</record>
</collection>